000 00388nam a2200181Ia 4500
001 642
005 20260306140532.0
008 260306t2006||||xx |||||||||||||| ||spa||
041 _aESP
082 _a170
_bR75
100 _aRodríguez Luño, Ángel
_eAUT
245 0 _aÉtica general
260 _c2006
300 _a
_c
650 _aGEN
654 _aCHU
942 _cLIB
_dJUS
_fJUS
_2ddc
_n
999 _c642
_d642